000 01434nam0a2200361 4500
001 RU\NLR\BIBL_A\012693098
005 20250121140533.0
010 _a978-5-17-136778-7
_91500
021 _aRU
_bКН-П-21-066620
_9КН-П-21-5263
035 _a(NLR Aleph) 012693098
035 _a(RuMoRGB)010818746
090 _a12853411
_c12853411
100 _a20220125d2021 c y0rusy50 ca
101 0 _arus
102 _aRU
105 _aa|||z|||000gy
181 1 _ai2
_baxxe
181 1 _ab2
_bbb2e
182 1 _an
200 1 _aУ меня сюрприз в ладошке
_eстихи
_e[для младшего школьного возраста
_fКсения Ахметова
_gиллюстрации Анны Кузьминой
203 _aТекст
_aИзображение
_bвизуальные
_cнепосредственные
210 _aМосква
_cАСТ
_d2021
215 _a77, [3] с.
_cцв. ил.
_d23
225 1 _aСерия "Хнюки"
333 _a6+
686 0 _aШ9(2)60=Р7-5
700 1 _aАхметова
_bК. В.
_gКсения Вадимовна
702 1 _4440
_7ca
_8rus
_aКузьмина
_bА.
_cиллюстратор, популярная психология
_gАнна
_9196907
_3RU\NLR\AUTH\770196958
942 _cBOOK
980 _aNB